| 000 | 01268nam0a22002891 4500 | ||
|---|---|---|---|
| 001 | rc\3961970 | ||
| 005 | 20130415120623.6 | ||
| 021 |
_aRU _b[56-19224ж] |
||
| 035 | _a(NLR Aleph) 008050704 | ||
| 090 |
_a8939813 _c8939813 |
||
| 100 | _a20130415d1956 |||y0rusy50 ca | ||
| 101 | 0 | _arus | |
| 102 | _aRU | ||
| 105 | _aa z ||||| | ||
| 200 | 1 | _aАгрегат АШ-1 для механизированной проходки шахтных колодцев | |
| 210 |
_aМосква _cБ. и. _d1956 |
||
| 215 |
_a23 с. _cил. _d22 |
||
| 225 | 1 |
_aМинистерство транспортного строительства СССР. Техническое управление. Оргтрансстрой. Информационное письмо _vВып. 21 |
|
| 300 | _aСост. указаны на обороте тит. л.: кандидаты техн. наук С.Н. Змий и В.С. Пикуль | ||
| 606 |
_aКолодцы шахтные _xПостройка _xМеханизация _2psbo |
||
| 700 | 1 |
_aЗмий _bС. Н. _gСтепан Николаевич _4220 |
|
| 701 | 1 |
_aПикуль _bВ. С. _gВадим Саввич _4220 |
|
| 801 | 0 |
_aRU _bNLR _gpsbo |
|
| 801 | 1 |
_aRU _bELAR _2rusmarc |
|
| 852 |
_aNLR _jП10/1357 |
||
| 942 | _cBOOK | ||
| 980 | _aNB | ||